000 00846nam a2200205 i 4500
001 16810
003 ES-MaACL
005 20250809062545.0
007 t|
008 001108s1996 cl ||||1| spa d
080 _a340.12
100 1 _aSquella Narducci, Agustín.
_9107821
245 1 1 _a¿Qué he aprendido enseñando fisolofía del derecho?
_b: discurso leído /
_cpor ... Agustín Squella Narducci ... en el acto de su incorporación como miembro de número a la Academia Chilena de Ciencias Sociales, Políticas y Morales... ; y discurso de recepción por Manuel de Rivacoba y Rivacoba.
260 _a[Valparaíso] :
_bEdeval,
_c[1995]
300 _a65 p. ;
_c27 cm.
650 4 _aDerecho-
_xFilosofía
_911620
700 1 _aRivacoba y Rivacoba, Manuel de.
_997535
852 _aES-MaACL
_j2155-F-20
_bR.129224
999 _c16810
_d16810